الشورى : (رقم التسجيلة. 62233)

تفاصيل مارك
000 -الفاتح
عناصر البيانات ثابتة الطول 00708cam a2200181 i 4500
005 - تاريخ ووقت آخر معاملة
حقل ضبط 20251216084551.0
008 - عناصر البيانات ثابتة الطول
عناصر البيانات ثابتة الطول 250721s1997 ts gr 000 0 ara d
082 14 - رقم تصنيف ديوي العشري
رقم التصنيف 216.9
رقم المادة س ي د
100 1# - مدخل رئيسي – اسم شخصي
الاسم الشخصي السيد، رضوان
علاقة الشخص بالعمل/ دوره مؤلف.
245 12 - بيان العنوان
العنوان الشورى :
بقية العنوان بين النص و التجربة التاريخية /
بيان المسؤولية د. رضوان السيد.
264 31 - بيانات النشر، التوزيع…إلخ
مكان النشر، التوزيع...إلخ أبو ظبي :
اسم الناشر، الموزع...إلخ مركز الأمارات الدراسات و البحوث،
تاريخ النشر، التوزيع...إلخ 1997.
490 0# - بيان السلسلة
عنوان السلسلة سلسلة محاضرات الإمارات ؛
رقم الوعاء في السلسلة 10
650 17 - مدخل إضافي بالموضوع - مصطلح موضوعي
مصطلح موضوعي أو اسم جغرافي كعنصر مدخل الشورى.
650 17 - مدخل إضافي بالموضوع - مصطلح موضوعي
مصطلح موضوعي أو اسم جغرافي كعنصر مدخل الأحكام السلطانية.
830 #0 - مدخل إضافي بالسلسلة-عنوان مقنن
عنوان السلسسلة سلسلة محاضرات الإمارات ؛
942 ## - بيانات إضافية (كوها)
نوع التنصيف Dewey Decimal Classification
نوع المادة (كوها) كتب
المقتنيات
حالة السحب حالة الفقدان مصدر التصنيف حالة التلف غير قابل للإعارة المكتبة الرئيسية المكتبة الحالية موقع الرف تاريخ التزويد الرقم المتسلسل Total Checkouts رقم الإستدعاء الباركود تاريخ آخر ظهور تاريخ الفاتورة نوع المادة (كوها) العملة
    Dewey Decimal Classification     المكتبة المركزية المكتبة المركزية الإعارة 06/07/2004 590253   216.9/سيد 590253 28/07/2025 06/07/2004 كتب  
    Dewey Decimal Classification     المكتبة المركزية المكتبة المركزية الإعارة 16/12/2025 590252   216.9 / س ي د PLD590252 16/12/2025 16/12/2025 كتب JOD
    Dewey Decimal Classification Unchecked   مكتبة الاميرة بديعة مكتبة الاميرة بديعة الإعارة 28/07/2025 590259   216.9/سيد   28/07/2025 28/07/2025 كتب  
    Dewey Decimal Classification     مكتبة صويلح العامة مكتبة صويلح العامة الإعارة 06/07/2004 590257   216.9/سيد 590257 28/07/2025 06/07/2004 كتب  
Implemented & Customized by: BBB with SCIT (Smart Chains for Information Technology)

Powered by Koha